000 01104nam0a22002891 4500
001 rc\3131713
005 20260407025728.0
021 _aRU
_bРг4467-76
035 _a(NLR Aleph) 007285551
090 _a5554932
_c5554932
100 _a20120615d1975 |||y0rusy50 ca
101 0 _arus
102 _aRU
105 _aa b |||||
200 1 _aРеле промежуточные (серии) ТРПУ-1
_eИзготовитель: Среднеаз. произв. объединение "Электроаппарат", г. Ташкент
_eКаталог
210 _aМосква
_cБ. и.
_d[1975]
215 _a4 с.
_cил.
_d30
225 1 _aИнформэлектро
_v07.15.26-75
309 _aБез тит. л. и обл.
517 0 _aРеле промежуточные ТРПУ-1
532 1 3 _aРеле промежуточные серии ТРПУ-1
712 0 2 _a"Электроаппарат", об-ние
_cТашкент
_9520808
_3RU\NLR\AUTH\8810011550
801 0 _aRU
_bNLR
_gpsbo
801 1 _aRU
_bELAR
_2rusmarc
852 _aNLR
_jПт 20/1-07.15.26-75
942 _cBOOK
980 _aNB